| 000 | 01215cam a22004094i 4500 | ||
|---|---|---|---|
| 003 | PE-LiUPU | ||
| 005 | 20250731173227.0 | ||
| 008 | 150625s r 000 0 spa d | ||
| 035 | _a(Sirsi) a34219 | ||
| 040 |
_aPE-LiUPU _bspa _cPE-LiUPU _erda |
||
| 049 | _aPRUA | ||
| 082 | 0 | 4 |
_a230 _bM28J _221 |
| 100 | 1 |
_aMateos, Juan, _eautor. |
|
| 245 | 1 | 3 |
_aEl aspecto verbal en el Nuevo Testamento. _n1 / _cJuan Mateos. |
| 264 | 1 | _a | |
| 300 | _a | ||
| 336 |
_atext _2rdacontent |
||
| 337 |
_aunmediated _2rdamedia |
||
| 338 |
_avolume _2rdacarrier |
||
| 526 | _aSEG42 | ||
| 526 | _aSEG41 | ||
| 526 | _aSEG40 | ||
| 526 | _aSEG39 | ||
| 526 | _aP94 | ||
| 526 | _aP87 | ||
| 526 | _aP86 | ||
| 526 | _aP85 | ||
| 526 | _aP77 | ||
| 526 | _aP76 | ||
| 526 | _aP35 | ||
| 650 | 0 | 4 | _aGriego bíblico. |
| 942 |
_2ddc _cBOOK |
||
| 949 |
_a230 M28 1 J _wDEWEY _c1 _i19420 _lCCODEBUL1 _mBUL _p00.00 _r0 _sY _tBOOK _u2015-06-25 _xBIBLIOTECA _zUNKNOWN _0COMPRA _o.STAFF. Colección General |
||
| 596 | _a1 | ||
| 999 |
_a230 M28 1 J _wDEWEY _c42052 _i19420 _f2021-11-9 _g5 _lCCODEBUL1 _mBUL _r0 _sY _tBOOK _u2015-6-25 _xTEOLOGIA _PP35 _0COMPRA _o.STAFF. Colección Teología _d42052 |
||
| 980 |
_81 _gALBERTO SANCHEZ Responsable de Automatización |
||